Hodnotenie spokojnosti zamestnancov vo výrobnom podniku diplomová práca

Gespeichert in:
Bibliographische Detailangaben
1. Verfasser: Bodnár, František
Körperschaft: Podnikovohospodárska fakulta EU so sídlom v Košiciach. Katedra hospodárskej informatiky a matematiky
Weitere Verfasser: Tkáč, Michal, 1958-
Format: Buch
Sprache:Slowakisch
Veröffentlicht: Košice 2009
Tags: Tag hinzufügen
Keine Tags, Fügen Sie das erste Tag hinzu!

MARC

LEADER 00000nam$a2200000$$$4500
001 0098832
005 20240318132931.9
041 0 |a slo 
044 |a SK 
245 1 0 |a Hodnotenie spokojnosti zamestnancov vo výrobnom podniku  |b diplomová práca  |c František Bodnár ; škol. Michal Tkáč 
264 1 |a Košice  |c 2009 
300 |a 95 s. 
100 1 |a Bodnár, František 
700 1 |a Tkáč, Michal, 1958- 
710 2 |a Podnikovohospodárska fakulta EU so sídlom v Košiciach. Katedra hospodárskej informatiky a matematiky